000 00392nam a2200157Ia 4500
005 20250813142711.0
008 191130s2003##################000#0#eng##
020 _a9780755301737
_qpbk
041 _aeng
082 _a823.914 JEC
100 _aJecks, Michael
245 _aThe outlaws of Ennor
_cMichael Jecks
260 _aLondon
_bHeadline
_c2003
300 _axvi,396 p
942 _cENGLISH
999 _c62351
_d62351